Central Library, Doon University
WEBOPAC (ONLINE PUBLIC ACCESS CATALOGUE)

Applied Functional Analysis (Record no. 59976)

MARC details
000 -LEADER
fixed length control field 00528nam a22002057a 4500
005 - DATE & TIME
control field 20260116122532.0
008 - FIXED-LENGTH DATA ELEMENTS--GENERAL INFORMATION
fixed length control field 260116b |||||||| |||| 00| 0 eng d
020 ## - ISBN
International Standard Book Number 9781032476377
Price 5636.45
040 ## - CATALOGING SOURCE
Original cataloging agency Doon University
041 ## - Language
Language English
082 ## - DDC NUMBER
Classification number 515.7
Book Number ODN
100 ## - MAIN ENTRY--PERSONAL NAME
Personal name Oden, J. Tinsley
245 ## - TITLE STATEMENT
Title Applied Functional Analysis
250 ## - EDITION STATEMENT
Edition statement 3rd
260 ## - PUBLICATION, DISTRIBUTION, ETC. (IMPRINT)
Place of publication, distribution, etc United State of America
Name of publisher, distributor, etc CRC Press
Date of publication, distribution, etc 2018
300 ## - PHYSICAL DESCRIPTION
Pages 609
650 ## - Subject
Subject Mathematics
700 ## - Added Entry Personal Name
Added Entry Personal Name Demkowicz, Leszek F.
942 ## - ADDED ENTRY ELEMENTS (KOHA)
Koha item type Books
100 ## - MAIN ENTRY--PERSONAL NAME
-- 25936
650 ## - Subject
-- 133
700 ## - Added Entry Personal Name
-- 25937
952 ## - LOCATION AND ITEM INFORMATION (KOHA)
-- 2026-01-16
952 ## - LOCATION AND ITEM INFORMATION (KOHA)
-- 2026-01-16
952 ## - LOCATION AND ITEM INFORMATION (KOHA)
-- 2026-01-16
Holdings
Withdrawn status Lost status Source of classification or shelving scheme Damaged status Not for loan Location (home branch) Sublocation or collection (holding branch) Date acquired Koha issues (times borrowed) Koha full call number Accession No. Koha date last seen Koha item type
          Doon University Doon University 16.01.2026   515.7 ODN 51184 16.01.2026 Books
          Doon University Doon University 16.01.2026   515.7 ODN 51185 16.01.2026 Books
          Doon University Doon University 16.01.2026   515.7 ODN 51186 16.01.2026 Books
Contact : +91-135-2533126 (Library),+91-135-2533105 (Admin Office) , Email : doonlibrary@gmail.com

Powered by Koha